[Event "25th 4NCL Congress"]
[Site "Leamington Spa, United Kingdom"]
[Date "2021.07.11"]
[Round "4.3"]
[White "Wall, Tim P"]
[Black "Kett, Timothy J"]
[Result "1-0"]
[TimeControl "All moves in 90 minutes + 30 seconds per move"]
[WhiteElo "2245"]
[BlackElo "2178"]

1. b3 {[%clk 01:30:56]} {[%emt 00:00:03]} Nf6 {[%clk 01:26:16]} {[%emt
00:04:44]} 2. Bb2 {[%clk 01:31:17]} {[%emt 00:00:09]} g6 {[%clk 01:26:39]}
{[%emt 00:00:07]} 3. Nf3 {[%clk 01:31:39]} {[%emt 00:00:08]} Bg7 {[%clk
01:27:03]} {[%emt 00:00:05]} 4. g3 {[%clk 01:31:50]} {[%emt 00:00:19]} O-O
{[%clk 01:27:10]} {[%emt 00:00:24]} 5. Bg2 {[%clk 01:32:05]} {[%emt 00:00:15]}
c5 {[%clk 01:24:10]} {[%emt 00:03:30]} 6. c4 {[%clk 01:31:19]} {[%emt
00:01:17]} Nc6 {[%clk 01:24:25]} {[%emt 00:00:14]} 7. Nc3 {[%clk 01:30:35]}
{[%emt 00:01:14]} d5 {[%clk 01:23:50]} {[%emt 00:01:04]} 8. Nxd5 {[%clk
01:29:11]} {[%emt 00:01:56]} Nxd5 {[%clk 01:23:58]} {[%emt 00:00:22]} 9. Bxg7
{[%clk 01:29:32]} {[%emt 00:00:09]} Kxg7 {[%clk 01:24:08]} {[%emt 00:00:19]} 10.
cxd5 {[%clk 01:29:54]} {[%emt 00:00:08]} Qxd5 {[%clk 01:24:21]} {[%emt
00:00:17]} 11. O-O {[%clk 01:30:06]} {[%emt 00:00:18]} Qh5 {[%clk 01:14:48]}
{[%emt 00:10:02]} 12. Rc1 {[%clk 01:26:05]} {[%emt 00:04:32]} Bg4 {[%clk
01:04:35]} {[%emt 00:10:42]} 13. Re1 {[%clk 01:15:04]} {[%emt 00:11:32]} Rad8
{[%clk 01:01:35]} {[%emt 00:03:30]} 14. d3 {[%clk 01:14:43]} {[%emt 00:00:53]}
b6 {[%clk 01:00:44]} {[%emt 00:01:20]} 15. Rc4 {[%clk 01:01:18]} {[%emt
00:13:55]} Nd4 {[%clk 00:57:38]} {[%emt 00:03:36]} 16. Nxd4 {[%clk 00:57:07]}
{[%emt 00:04:42]} Rxd4 {[%clk 00:57:04]} {[%emt 00:01:05]} 17. Qc2 {[%clk
00:50:01]} {[%emt 00:07:36]} Rfd8 {[%clk 00:52:18]} {[%emt 00:05:15]} 18. a3
{[%clk 00:48:42]} {[%emt 00:01:50]} Be6 {[%clk 00:32:53]} {[%emt 00:19:54]} 19.
Rxd4 {[%clk 00:46:48]} {[%emt 00:02:26]} cxd4 {[%clk 00:32:58]} {[%emt
00:00:25]} 20. Qb2 {[%clk 00:43:02]} {[%emt 00:04:16]} Bh3 {[%clk 00:27:13]}
{[%emt 00:06:14]} 21. Bf3 {[%clk 00:31:15]} {[%emt 00:12:18]} Qb5 {[%clk
00:22:06]} {[%emt 00:05:36]} 22. Rc1 {[%clk 00:30:19]} {[%emt 00:01:26]} e5
{[%clk 00:22:09]} {[%emt 00:00:27]} 23. Bc6 {[%clk 00:22:23]} {[%emt 00:08:27]}
Qa6 {[%clk 00:21:26]} {[%emt 00:01:13]} 24. b4 {[%clk 00:21:32]} {[%emt
00:01:20]} Qc8 {[%clk 00:16:25]} {[%emt 00:05:31]} 25. Bg2 {[%clk 00:16:53]}
{[%emt 00:05:10]} Qd7 {[%clk 00:15:31]} {[%emt 00:01:23]} 26. Bxh3 {[%clk
00:15:32]} {[%emt 00:01:51]} Qxh3 {[%clk 00:15:56]} {[%emt 00:00:06]} 27. Rc7
{[%clk 00:15:56]} {[%emt 00:00:05]} Rd7 {[%clk 00:14:50]} {[%emt 00:01:36]} 28.
Qc2 {[%clk 00:16:19]} {[%emt 00:00:07]} Qe6 {[%clk 00:13:41]} {[%emt 00:01:39]}
29. b5 {[%clk 00:11:31]} {[%emt 00:05:19]} Qd6 {[%clk 00:07:40]} {[%emt
00:06:31]} 30. Rxd7 {[%clk 00:11:54]} {[%emt 00:00:07]} Qxd7 {[%clk 00:08:07]}
{[%emt 00:00:02]} 31. Qc6 {[%clk 00:12:14]} {[%emt 00:00:10]} Qe7 {[%clk
00:08:30]} {[%emt 00:00:07]} 32. a4 {[%clk 00:11:00]} {[%emt 00:01:44]} Qb4
{[%clk 00:07:14]} {[%emt 00:01:45]} 33. Qe4 {[%clk 00:07:36]} {[%emt 00:03:56]}
f6 {[%clk 00:05:22]} {[%emt 00:02:21]} 34. Qb7+ {[%clk 00:05:29]} {[%emt
00:02:37]} Kh6 {[%clk 00:05:37]} {[%emt 00:00:15]} 35. Qxa7 {[%clk 00:05:17]}
{[%emt 00:00:42]} Qe1+ {[%clk 00:05:58]} {[%emt 00:00:09]} 36. Kg2 {[%clk
00:05:42]} {[%emt 00:00:05]} Qxe2 {[%clk 00:06:19]} {[%emt 00:00:09]} 37. Qxb6
{[%clk 00:04:40]} {[%emt 00:01:32]} Kg5 {[%clk 00:02:57]} {[%emt 00:03:52]} 38.
h4+ {[%emt 00:02:17]} Kf5 {[%clk 00:01:33]} {[%emt 00:00:30]} 39. Qc6 {[%clk
00:03:28]} {[%emt 00:01:20]} Qxd3 {[%clk 00:01:30]} {[%emt 00:00:32]} 40. b6
{[%clk 00:03:55]} {[%emt 00:00:03]} e4 {[%clk 00:01:31]} {[%emt 00:00:28]} 41.
Qb5+ {[%clk 00:03:09]} {[%emt 00:01:17]} Kg4 {[%clk 00:00:42]} {[%emt
00:01:19]} 42. Qxd3 {[%clk 00:02:08]} {[%emt 00:01:31]} exd3 {[%clk 00:01:09]}
{[%emt 00:00:02]} 43. b7 {[%clk 00:02:33]} {[%emt 00:00:05]} d2 {[%clk
00:01:31]} {[%emt 00:00:08]} 44. b8=Q {[%clk 00:02:55]} {[%emt 00:00:08]} d1=Q
{[%clk 00:01:58]} {[%emt 00:00:04]} 45. Qf4+ {[%clk 00:03:12]} {[%emt
00:00:12]} Kh5 {[%clk 00:02:21]} {[%emt 00:00:07]} 46. Qf3+ {[%clk 00:03:30]}
{[%emt 00:00:12]} 1-0

[Event "25th 4NCL Congress"]
[Site "Leamington Spa, United Kingdom"]
[Date "2021.07.11"]
[Round "4.4"]
[White "Wells, Peter K"]
[Black "Jones, Steven A"]
[Result "0-1"]
[TimeControl "All moves in 90 minutes + 30 seconds per move"]
[WhiteElo "2397"]
[BlackElo "2219"]

1. d4 {[%clk 01:25:23]} {[%emt 00:05:37]} Nf6 {[%clk 01:29:36]} {[%emt
00:01:24]} 2. c4 {[%clk 01:25:44]} {[%emt 00:00:08]} g6 {[%clk 01:29:41]}
{[%emt 00:00:25]} 3. Nf3 {[%clk 01:22:51]} {[%emt 00:03:23]} Bg7 {[%clk
01:28:41]} {[%emt 00:01:30]} 4. g3 {[%clk 01:23:14]} {[%emt 00:00:07]} O-O
{[%clk 01:27:33]} {[%emt 00:01:38]} 5. Bg2 {[%clk 01:23:41]} {[%emt 00:00:04]}
d6 {[%clk 01:27:16]} {[%emt 00:00:47]} 6. O-O {[%clk 01:23:55]} {[%emt
00:00:15]} Nc6 {[%clk 01:27:00]} {[%emt 00:00:47]} 7. Nc3 {[%clk 01:23:50]}
{[%emt 00:00:34]} Rb8 {[%clk 01:26:49]} {[%emt 00:00:41]} 8. b3 {[%clk
01:02:09]} {[%emt 00:22:11]} Nh5 {[%clk 01:09:15]} {[%emt 00:18:04]} 9. Bg5
{[%clk 00:46:52]} {[%emt 00:15:47]} h6 {[%clk 01:07:20]} {[%emt 00:02:26]} 10.
Be3 {[%clk 00:46:04]} {[%emt 00:01:18]} a6 {[%clk 00:56:20]} {[%emt 00:11:30]}
11. Qd2 {[%clk 00:44:56]} {[%emt 00:01:37]} Kh7 {[%clk 00:56:36]} {[%emt
00:00:13]} 12. d5 {[%clk 00:31:37]} {[%emt 00:13:50]} Na5 {[%clk 00:53:28]}
{[%emt 00:03:38]} 13. Ba7 {[%clk 00:24:58]} {[%emt 00:07:09]} Ra8 {[%clk
00:52:50]} {[%emt 00:01:08]} 14. Bd4 {[%clk 00:25:25]} {[%emt 00:00:04]} Nf6
{[%clk 00:51:55]} {[%emt 00:01:25]} 15. Na4 {[%clk 00:18:48]} {[%emt 00:07:06]}
c5 {[%clk 00:49:17]} {[%emt 00:03:09]} 16. Bc3 {[%clk 00:18:22]} {[%emt
00:00:57]} Ne4 {[%clk 00:49:34]} {[%emt 00:00:13]} 17. Ng5+ {[%clk 00:18:47]}
{[%emt 00:00:04]} hxg5 {[%clk 00:44:21]} {[%emt 00:05:43]} 18. Bxe4 {[%clk
00:16:47]} {[%emt 00:02:31]} Bxc3 {[%clk 00:44:42]} {[%emt 00:00:08]} 19. Nxc3
{[%clk 00:17:11]} {[%emt 00:00:06]} g4 {[%clk 00:44:33]} {[%emt 00:00:38]} 20.
f3 {[%clk 00:14:31]} {[%emt 00:03:11]} b5 {[%clk 00:36:16]} {[%emt 00:08:47]}
21. fxg4 {[%clk 00:12:59]} {[%emt 00:02:03]} bxc4 {[%clk 00:31:35]} {[%emt
00:05:11]} 22. Rf2 {[%clk 00:03:39]} {[%emt 00:09:50]} Bxg4 {[%clk 00:25:22]}
{[%emt 00:06:42]} 23. Raf1 {[%clk 00:02:11]} {[%emt 00:01:59]} Kg7 {[%clk
00:21:41]} {[%emt 00:04:11]} 24. Rf4 {[%clk 00:00:35]} {[%emt 00:02:06]} Bh3
{[%clk 00:13:55]} {[%emt 00:08:15]} 25. R1f2 {[%clk 00:00:37]} {[%emt
00:00:29]} cxb3 {[%clk 00:13:36]} {[%emt 00:00:49]} 26. Rh4 {[%clk 00:00:34]}
{[%emt 00:00:33]} Rh8 {[%clk 00:13:50]} {[%emt 00:00:16]} 27. Qg5 {[%clk
00:00:35]} {[%emt 00:00:29]} Rxh4 {[%clk 00:12:23]} {[%emt 00:01:57]} 28. gxh4
{[%clk 00:00:58]} {[%emt 00:00:07]} e5 {[%clk 00:10:42]} {[%emt 00:02:10]} 29.
Qg3 {[%clk 00:00:35]} {[%emt 00:00:54]} Qd7 {[%clk 00:09:44]} {[%emt 00:01:28]}
30. h5 {[%clk 00:00:59]} {[%emt 00:00:06]} Qg4 {[%clk 00:09:52]} {[%emt
00:00:21]} 31. h6+ {[%clk 00:00:40]} {[%emt 00:00:50]} Kg8 {[%clk 00:09:34]}
{[%emt 00:00:47]} 32. Qxg4 {[%clk 00:01:00]} {[%emt 00:00:10]} Bxg4 {[%clk
00:09:58]} {[%emt 00:00:06]} 33. Rf6 {[%clk 00:01:22]} {[%emt 00:00:09]} bxa2
{[%clk 00:08:42]} {[%emt 00:01:46]} 34. Nxa2 {[%clk 00:01:49]} {[%emt
00:00:04]} Nb7 {[%clk 00:08:31]} {[%emt 00:00:42]} 35. Bxg6 {[%clk 00:00:38]}
{[%emt 00:01:40]} fxg6 {[%clk 00:08:45]} {[%emt 00:00:15]} 36. Rxg6+ {[%clk
00:01:07]} {[%emt 00:00:01]} Kh7 {[%clk 00:09:02]} {[%emt 00:00:14]} 37. Rxg4
{[%clk 00:00:50]} {[%emt 00:00:47]} Rg8 {[%clk 00:09:25]} {[%emt 00:00:08]} 38.
Rxg8 {[%clk 00:00:33]} {[%emt 00:00:48]} Kxg8 {[%clk 00:09:49]} {[%emt
00:00:05]} 39. Nc3 {[%clk 00:01:01]} {[%emt 00:00:02]} Kh7 {[%clk 00:09:45]}
{[%emt 00:00:33]} 40. Kg2 {[%clk 00:01:04]} {[%emt 00:00:27]} Kxh6 {[%clk
00:10:08]} {[%emt 00:00:07]} 41. Kg3 {[%clk 00:01:19]} {[%emt 00:00:14]} Kh5
{[%clk 00:09:27]} {[%emt 00:01:11]} 42. h4 {[%clk 00:01:32]} {[%emt 00:00:17]}
Na5 {[%clk 00:09:28]} {[%emt 00:00:29]} 43. Ne4 {[%clk 00:01:33]} {[%emt
00:00:30]} Nc4 {[%clk 00:09:53]} {[%emt 00:00:05]} 44. Nf6+ {[%clk 00:01:40]}
{[%emt 00:00:23]} Kg6 {[%clk 00:10:18]} {[%emt 00:00:05]} 45. Ne4 {[%clk
00:02:06]} {[%emt 00:00:04]} Kf5 {[%clk 00:09:31]} {[%emt 00:01:17]} 46. h5
{[%clk 00:01:38]} {[%emt 00:00:58]} a5 {[%clk 00:09:42]} {[%emt 00:00:19]} 47.
Kh4 {[%clk 00:01:55]} {[%emt 00:00:13]} a4 {[%clk 00:09:42]} {[%emt 00:00:30]}
48. Ng3+ {[%clk 00:02:10]} {[%emt 00:00:15]} Kf6 {[%clk 00:10:05]} {[%emt
00:00:08]} 49. Ne4+ {[%clk 00:02:30]} {[%emt 00:00:10]} Kf7 {[%clk 00:08:28]}
{[%emt 00:02:07]} 50. Kg5 {[%clk 00:02:35]} {[%emt 00:00:25]} a3 {[%clk
00:08:47]} {[%emt 00:00:11]} 51. Nc3 {[%clk 00:02:27]} {[%emt 00:00:38]} Ne3
{[%clk 00:08:23]} {[%emt 00:00:53]} 0-1

[Event "25th 4NCL Congress"]
[Site "Leamington Spa, United Kingdom"]
[Date "2021.07.11"]
[Round "4.5"]
[White "Seymour, Timothy P"]
[Black "Davies, Nigel R"]
[Result "1/2-1/2"]
[TimeControl "All moves in 90 minutes + 30 seconds per move"]
[WhiteElo "2119"]
[BlackElo "2483"]

1. d4 {[%clk 01:30:57]} {[%emt 00:00:02]} Nf6 {[%clk 01:30:32]} {[%emt
00:00:28]} 2. c4 {[%clk 01:31:19]} {[%emt 00:00:09]} e6 {[%clk 01:29:43]}
{[%emt 00:01:18]} 3. Nf3 {[%clk 01:31:41]} {[%emt 00:00:09]} b6 {[%clk
01:28:52]} {[%emt 00:01:21]} 4. g3 {[%clk 01:32:03]} {[%emt 00:00:09]} Bb7
{[%clk 01:29:14]} {[%emt 00:00:08]} 5. Bg2 {[%clk 01:32:24]} {[%emt 00:00:08]}
Be7 {[%clk 01:29:36]} {[%emt 00:00:07]} 6. O-O {[%clk 01:31:55]} {[%emt
00:01:00]} O-O {[%clk 01:30:00]} {[%emt 00:00:05]} 7. Nc3 {[%clk 01:31:34]}
{[%emt 00:00:52]} Na6 {[%clk 01:30:19]} {[%emt 00:00:11]} 8. Qa4 {[%clk
01:28:43]} {[%emt 00:03:21]} Qc8 {[%clk 01:27:52]} {[%emt 00:02:56]} 9. Bg5
{[%clk 01:27:45]} {[%emt 00:01:29]} h6 {[%clk 01:27:13]} {[%emt 00:01:09]} 10.
Bxf6 {[%clk 01:27:33]} {[%emt 00:00:41]} Bxf6 {[%clk 01:25:17]} {[%emt
00:02:26]} 11. e4 {[%clk 01:27:22]} {[%emt 00:00:42]} d6 {[%clk 01:24:44]}
{[%emt 00:01:03]} 12. e5 {[%clk 01:15:57]} {[%emt 00:11:55]} dxe5 {[%clk
01:24:05]} {[%emt 00:01:09]} 13. dxe5 {[%clk 01:14:47]} {[%emt 00:01:40]} Be7
{[%clk 01:22:45]} {[%emt 00:01:49]} 14. a3 {[%clk 01:10:11]} {[%emt 00:05:07]}
Nc5 {[%clk 01:22:08]} {[%emt 00:01:07]} 15. Qc2 {[%clk 01:10:00]} {[%emt
00:00:41]} a5 {[%clk 01:22:29]} {[%emt 00:00:09]} 16. b3 {[%clk 01:03:26]}
{[%emt 00:07:05]} Rd8 {[%clk 01:15:17]} {[%emt 00:07:40]} 17. Rfd1 {[%clk
00:52:50]} {[%emt 00:11:06]} Rxd1+ {[%clk 01:14:13]} {[%emt 00:01:34]} 18. Rxd1
{[%clk 00:52:21]} {[%emt 00:01:00]} Nd7 {[%clk 01:06:29]} {[%emt 00:08:14]} 19.
Nb5 {[%clk 00:46:15]} {[%emt 00:06:36]} Nf8 {[%clk 01:06:46]} {[%emt 00:00:12]}
20. Qe2 {[%clk 00:42:50]} {[%emt 00:03:55]} Ng6 {[%clk 01:03:28]} {[%emt
00:03:48]} 21. h4 {[%clk 00:26:55]} {[%emt 00:16:25]} Bc6 {[%clk 00:56:21]}
{[%emt 00:07:37]} 22. h5 {[%clk 00:24:09]} {[%emt 00:03:17]} Nf8 {[%clk
00:56:43]} {[%emt 00:00:07]} 23. Nfd4 {[%clk 00:23:39]} {[%emt 00:01:00]} Bxg2
{[%clk 00:56:53]} {[%emt 00:00:20]} 24. Kxg2 {[%clk 00:24:02]} {[%emt
00:00:07]} c5 {[%clk 00:53:33]} {[%emt 00:03:50]} 25. Nf3 {[%clk 00:21:39]}
{[%emt 00:02:53]} a4 {[%clk 00:53:51]} {[%emt 00:00:13]} 26. bxa4 {[%clk
00:13:50]} {[%emt 00:08:19]} Rxa4 {[%clk 00:54:11]} {[%emt 00:00:09]} 27. Qe4
{[%clk 00:13:50]} {[%emt 00:00:29]} Qa8 {[%clk 00:45:14]} {[%emt 00:09:28]} 28.
Qxa8 {[%clk 00:13:14]} {[%emt 00:01:07]} Rxa8 {[%clk 00:45:37]} {[%emt
00:00:06]} 29. Kf1 {[%clk 00:12:06]} {[%emt 00:01:37]} f5 {[%clk 00:41:43]}
{[%emt 00:04:24]} 30. Ke2 {[%clk 00:10:09]} {[%emt 00:02:27]} Rd8 {[%clk
00:39:55]} {[%emt 00:02:17]} 31. Rxd8 {[%clk 00:05:15]} {[%emt 00:05:26]} Bxd8
{[%clk 00:40:18]} {[%emt 00:00:05]} 32. Kd3 {[%clk 00:04:05]} {[%emt 00:01:39]}
g6 {[%clk 00:40:00]} {[%emt 00:00:48]} 33. hxg6 {[%clk 00:03:43]} {[%emt
00:00:54]} Nxg6 {[%clk 00:40:21]} {[%emt 00:00:08]} 34. Kc2 {[%clk 00:02:45]}
{[%emt 00:01:28]} Kf8 {[%clk 00:37:57]} {[%emt 00:02:55]} 35. Kb3 {[%clk
00:02:59]} {[%emt 00:00:17]} Ke7 {[%clk 00:38:05]} {[%emt 00:00:20]} 36. Ka4
{[%clk 00:02:46]} {[%emt 00:00:44]} Kd7 {[%clk 00:37:44]} {[%emt 00:00:50]} 37.
Na7 {[%clk 00:01:53]} {[%emt 00:01:24]} Bc7 {[%clk 00:34:57]} {[%emt 00:03:16]}
38. Kb5 {[%clk 00:02:10]} {[%emt 00:00:14]} Nxe5 {[%clk 00:18:39]} {[%emt
00:16:48]} 39. Nxe5+ {[%clk 00:02:36]} {[%emt 00:00:04]} Bxe5 {[%clk 00:19:03]}
{[%emt 00:00:05]} 40. Kxb6 {[%clk 00:02:58]} {[%emt 00:00:08]} Bd4 {[%clk
00:17:34]} {[%emt 00:01:59]} 41. a4 {[%clk 00:01:23]} {[%emt 00:02:06]} f4
{[%clk 00:08:39]} {[%emt 00:09:24]} 42. gxf4 {[%clk 00:00:36]} {[%emt
00:01:17]} h5 {[%clk 00:09:01]} {[%emt 00:00:08]} 43. Nb5 {[%clk 00:00:51]}
{[%emt 00:00:15]} Kc8 {[%clk 00:08:35]} {[%emt 00:00:56]} 44. a5 {[%clk
00:01:08]} {[%emt 00:00:14]} Bf6 {[%clk 00:08:32]} {[%emt 00:00:33]} 45. a6
{[%clk 00:01:18]} {[%emt 00:00:20]} Bd8+ {[%clk 00:08:55]} {[%emt 00:00:07]} 46.
Kxc5 {[%clk 00:01:16]} {[%emt 00:00:32]} h4 {[%clk 00:09:06]} {[%emt 00:00:18]}
47. Nd4 {[%clk 00:01:28]} {[%emt 00:00:16]} h3 {[%clk 00:09:06]} {[%emt
00:00:31]} 48. Nf3 {[%clk 00:01:56]} {[%emt 00:00:02]} Kb8 {[%clk 00:09:08]}
{[%emt 00:00:29]} 49. Kc6 {[%clk 00:01:53]} {[%emt 00:00:33]} Bh4 {[%clk
00:08:59]} {[%emt 00:00:38]} 50. Kd6 {[%clk 00:01:28]} {[%emt 00:00:55]} Bxf2
{[%clk 00:09:13]} {[%emt 00:00:17]} 51. Kxe6 {[%clk 00:01:14]} {[%emt
00:00:44]} Ka7 {[%clk 00:09:38]} {[%emt 00:00:05]} 52. f5 {[%clk 00:00:51]}
{[%emt 00:00:53]} Kxa6 {[%clk 00:10:01]} {[%emt 00:00:07]} 53. f6 {[%clk
00:00:50]} {[%emt 00:00:31]} Bc5 {[%clk 00:08:58]} {[%emt 00:01:32]} 54. Kf5
{[%clk 00:00:53]} {[%emt 00:00:27]} Ka5 {[%clk 00:07:49]} {[%emt 00:01:40]} 55.
Kg4 {[%clk 00:01:21]} {[%emt 00:00:01]} Kb4 {[%clk 00:08:06]} {[%emt 00:00:14]}
56. Kxh3 {[%clk 00:01:43]} {[%emt 00:00:08]} Kxc4 {[%clk 00:08:31]} {[%emt
00:00:05]} 57. Kg4 {[%clk 00:02:00]} {[%emt 00:00:13]} Kd5 {[%clk 00:08:51]}
{[%emt 00:00:09]} 58. Kf5 {[%clk 00:02:19]} {[%emt 00:00:11]} Ba3 {[%clk
00:08:54]} {[%emt 00:00:28]} 59. Kg6 {[%clk 00:01:47]} {[%emt 00:01:01]} Bb2
{[%clk 00:08:52]} {[%emt 00:00:32]} 60. f7 {[%clk 00:02:15]} {[%emt 00:00:02]}
Ba3 {[%clk 00:09:17]} {[%emt 00:00:05]} 61. Kf6 {[%clk 00:01:23]} {[%emt
00:01:22]} Bf8 {[%clk 00:06:45]} {[%emt 00:03:02]} 62. Ne5 {[%clk 00:01:23]}
{[%emt 00:00:30]} Kd6 {[%clk 00:06:46]} {[%emt 00:00:28]} 63. Ng6 {[%clk
00:01:39]} {[%emt 00:00:16]} Bh6 {[%clk 00:07:08]} {[%emt 00:00:08]} 64. Nh4
{[%clk 00:01:47]} {[%emt 00:00:21]} Kd7 {[%clk 00:07:24]} {[%emt 00:00:12]} 65.
Nf5 {[%clk 00:01:38]} {[%emt 00:00:41]} Bf8 {[%clk 00:07:48]} {[%emt 00:00:07]}
66. Ne3 {[%clk 00:01:26]} {[%emt 00:00:43]} Ba3 {[%clk 00:08:06]} {[%emt
00:00:11]} 67. Kg7 {[%clk 00:01:36]} {[%emt 00:00:19]} Bb4 {[%clk 00:08:18]}
{[%emt 00:00:18]} 68. Nd5 {[%clk 00:01:43]} {[%emt 00:00:23]} Ba3 {[%clk
00:08:41]} {[%emt 00:00:08]} 69. Nb6+ {[%clk 00:01:25]} {[%emt 00:00:48]} Kd8
{[%clk 00:08:58]} {[%emt 00:00:24]} 70. Kf6 {[%clk 00:01:41]} {[%emt 00:00:03]}
Bf8 {[%clk 00:09:10]} {[%emt 00:00:17]} 71. Ke6 {[%clk 00:02:04]} {[%emt
00:00:07]} Ba3 {[%clk 00:09:17]} {[%emt 00:00:23]} 72. Nc4 {[%clk 00:01:54]}
{[%emt 00:00:40]} Bf8 {[%clk 00:09:36]} {[%emt 00:00:11]} 73. Ne5 {[%clk
00:02:11]} {[%emt 00:00:12]} Bh6 {[%clk 00:08:08]} {[%emt 00:02:00]} 74. Nd7
{[%clk 00:01:44]} {[%emt 00:00:57]} Bg7 {[%clk 00:08:26]} {[%emt 00:00:11]} 75.
Nb8 {[%clk 00:01:43]} {[%emt 00:00:30]} Kc7 {[%clk 00:08:12]} {[%emt 00:00:45]}
76. Na6+ {[%clk 00:02:02]} {[%emt 00:00:11]} Kd8 {[%clk 00:08:30]} {[%emt
00:00:11]} 77. Nc5 {[%clk 00:01:59]} {[%emt 00:00:34]} Bf8 {[%clk 00:08:28]}
{[%emt 00:00:32]} 78. Ne4 {[%clk 00:02:12]} {[%emt 00:00:16]} Kc7 {[%clk
00:08:17]} {[%emt 00:00:40]} 1/2-1/2

[Event "25th 4NCL Congress"]
[Site "Leamington Spa, United Kingdom"]
[Date "2021.07.11"]
[Round "4.6"]
[White "Bin-Suhayl, Ieysaa"]
[Black "Turner, Max N"]
[Result "1-0"]
[TimeControl "All moves in 90 minutes + 30 seconds per move"]
[WhiteElo "2223"]
[BlackElo "2222"]

1. Nf3 {[%clk 01:21:36]} {[%emt 00:09:23]} d5 {[%clk 01:30:51]} {[%emt
00:00:10]} 2. c4 {[%clk 01:21:56]} {[%emt 00:00:10]} e6 {[%clk 01:30:39]}
{[%emt 00:00:42]} 3. g3 {[%clk 01:22:17]} {[%emt 00:00:09]} g6 {[%clk
01:30:01]} {[%emt 00:01:08]} 4. Bg2 {[%clk 01:19:52]} {[%emt 00:02:56]} Bg7
{[%clk 01:30:23]} {[%emt 00:00:08]} 5. O-O {[%clk 01:15:20]} {[%emt 00:05:02]}
Ne7 {[%clk 01:30:42]} {[%emt 00:00:10]} 6. d4 {[%clk 01:12:07]} {[%emt
00:03:43]} O-O {[%clk 01:30:46]} {[%emt 00:00:26]} 7. Nbd2 {[%clk 01:05:29]}
{[%emt 00:07:09]} Nbc6 {[%clk 01:30:31]} {[%emt 00:00:44]} 8. e3 {[%clk
01:05:48]} {[%emt 00:00:12]} a5 {[%clk 01:28:35]} {[%emt 00:02:25]} 9. b3
{[%clk 01:05:03]} {[%emt 00:01:15]} e5 {[%clk 01:17:31]} {[%emt 00:11:34]} 10.
dxe5 {[%clk 01:03:19]} {[%emt 00:02:15]} Nxe5 {[%clk 01:17:33]} {[%emt
00:00:33]} 11. Nxe5 {[%clk 01:03:45]} Bxe5 {[%clk 01:17:52]} {[%emt 00:00:09]}
12. Rb1 {[%clk 01:04:13]} {[%emt 00:00:02]} Bg7 {[%clk 01:06:07]} {[%emt
00:12:14]} 13. Ba3 {[%clk 01:01:45]} {[%emt 00:02:58]} d4 {[%clk 00:54:38]}
{[%emt 00:11:59]} 14. Nf3 {[%clk 00:49:41]} {[%emt 00:12:34]} d3 {[%clk
00:44:52]} {[%emt 00:10:16]} 15. Ne1 {[%clk 00:42:25]} {[%emt 00:07:46]} d2
{[%clk 00:42:44]} {[%emt 00:02:38]} 16. Bxe7 {[%clk 00:42:49]} {[%emt
00:00:06]} Qxe7 {[%clk 00:40:07]} {[%emt 00:03:08]} 17. Qxd2 {[%clk 00:43:15]}
{[%emt 00:00:04]} a4 {[%clk 00:35:40]} {[%emt 00:04:57]} 18. Nd3 {[%clk
00:41:41]} {[%emt 00:02:03]} axb3 {[%clk 00:28:51]} {[%emt 00:07:19]} 19. axb3
{[%clk 00:42:08]} {[%emt 00:00:04]} c6 {[%clk 00:29:07]} {[%emt 00:00:13]} 20.
Qe2 {[%clk 00:40:57]} {[%emt 00:01:42]} Ra3 {[%clk 00:25:43]} {[%emt 00:03:53]}
21. Rfd1 {[%clk 00:36:34]} {[%emt 00:04:53]} Be6 {[%emt 00:04:20]} 22. Nf4
{[%clk 00:34:25]} Rfa8 {[%clk 00:24:00]} {[%emt 00:01:02]} 23. h4 {[%clk
00:33:50]} {[%emt 00:01:05]} h5 {[%clk 00:22:50]} {[%emt 00:01:39]} 24. Rd2
{[%clk 00:21:07]} {[%emt 00:13:14]} Bc3 {[%clk 00:21:51]} {[%emt 00:01:28]} 25.
Rd3 {[%clk 00:21:21]} {[%emt 00:00:17]} Bg7 {[%clk 00:19:47]} {[%emt 00:02:34]}
26. Rbd1 {[%clk 00:20:18]} {[%emt 00:01:33]} Bg4 {[%clk 00:17:50]} {[%emt
00:02:27]} 27. Bf3 {[%clk 00:20:38]} {[%emt 00:00:10]} Be6 {[%clk 00:15:17]}
{[%emt 00:03:03]} 28. Rd6 {[%clk 00:16:24]} {[%emt 00:04:45]} Be5 {[%clk
00:08:59]} {[%emt 00:06:47]} 29. Rxe6 {[%clk 00:16:27]} {[%emt 00:00:28]} fxe6
{[%clk 00:09:22]} {[%emt 00:00:06]} 30. Nxg6 {[%clk 00:16:53]} {[%emt
00:00:05]} Qf6 {[%clk 00:09:41]} {[%emt 00:00:10]} 31. Nxe5 {[%clk 00:13:41]}
{[%emt 00:03:43]} Qxe5 {[%clk 00:10:03]} {[%emt 00:00:07]} 32. Rd7 {[%clk
00:14:01]} {[%emt 00:00:10]} Qf5 {[%clk 00:09:10]} {[%emt 00:01:23]} 33. e4
{[%clk 00:13:03]} {[%emt 00:01:29]} Qf6 {[%clk 00:05:46]} {[%emt 00:03:53]} 34.
e5 {[%clk 00:09:06]} {[%emt 00:04:28]} Qh6 {[%clk 00:05:55]} {[%emt 00:00:20]}
35. Bxh5 {[%clk 00:08:40]} {[%emt 00:00:56]} Kh8 {[%clk 00:03:16]} {[%emt
00:03:08]} 36. Rf7 {[%clk 00:07:06]} {[%emt 00:02:05]} Ra1+ {[%clk 00:03:28]}
{[%emt 00:00:19]} 37. Kh2 {[%clk 00:05:19]} {[%emt 00:02:16]} Qc1 {[%clk
00:03:53]} {[%emt 00:00:06]} 38. Qe4 {[%clk 00:05:39]} {[%emt 00:00:09]} Qg1+
{[%clk 00:03:47]} {[%emt 00:00:35]} 39. Kh3 {[%clk 00:06:08]} {[%emt 00:00:01]}
Qf1+ {[%clk 00:03:56]} {[%emt 00:00:21]} 40. Kg4 {[%clk 00:05:29]} {[%emt
00:01:10]} Rg8+ {[%clk 00:03:58]} {[%emt 00:00:27]} 41. Bg6 {[%clk 00:05:55]}
{[%emt 00:00:04]} Rg7 {[%clk 00:04:16]} {[%emt 00:00:13]} 42. Rf8+ {[%clk
00:06:20]} {[%emt 00:00:05]} Rg8 {[%clk 00:04:40]} {[%emt 00:00:05]} 43. Rf7
{[%clk 00:05:02]} {[%emt 00:01:48]} Rg7 {[%clk 00:05:01]} {[%emt 00:00:09]} 44.
Qf4 {[%clk 00:04:51]} {[%emt 00:00:42]} Rxg6+ {[%clk 00:04:18]} {[%emt
00:01:13]} 45. Kh5 {[%clk 00:05:14]} {[%emt 00:00:04]} Qd3 {[%clk 00:04:01]}
{[%emt 00:00:48]} 46. Re7 {[%clk 00:03:48]} {[%emt 00:01:58]} Ra8 {[%clk
00:03:21]} {[%emt 00:01:09]} 47. Qf7 {[%clk 00:03:13]} {[%emt 00:01:05]} Rg5+
{[%clk 00:00:40]} {[%emt 00:03:11]} 48. hxg5 {[%clk 00:03:29]} {[%emt
00:00:14]} Qd1+ {[%clk 00:00:59]} {[%emt 00:00:11]} 49. f3 {[%clk 00:03:55]}
{[%emt 00:00:04]} Qh1+ {[%clk 00:01:09]} {[%emt 00:00:20]} 50. Kg4 {[%clk
00:04:21]} {[%emt 00:00:04]} 1-0